| 000 | 00879nam0a22002651 4500 | ||
|---|---|---|---|
| 001 | rc\331269 | ||
| 005 | 20030307122614.2 | ||
| 010 |
_a5-256-00230-9 _95000 |
||
| 035 | _a(NLR Aleph) 005566669 | ||
| 090 |
_a5968325 _c5968325 |
||
| 100 | _a20030307d1989 u |0rusy50 ca | ||
| 101 | 0 | _arus | |
| 102 | _aRU | ||
| 105 | _aa ||||||||| | ||
| 200 | 1 | _aПредвестники отказов в изделиях электронной техники | |
| 210 |
_aМ. _cРадио и связь _d1989 |
||
| 215 |
_a96, [1] с. _cил. _d22 |
||
| 225 | 1 | _aМассовая библиотека инженера "Электроника" | |
| 320 | _aБиблиогр.: с. 93-97 (116 назв.) | ||
| 700 | 1 |
_aДубицкий _bЛ. Г. _gЛев Григорьевич |
|
| 801 | 0 |
_aRU _bNLR _gpsbo |
|
| 801 | 1 |
_aRU _bELAR _2rusmarc |
|
| 852 |
_aNLR _j89-6/2264 |
||
| 942 | _cBOOK | ||
| 980 | _aNB | ||